HERLUF WINGE THE INTERRELATIONSHIPS OF THE MAMMALIAN GENERA (Record no. 235872)
[ view plain ]
| 000 -LEADER | |
|---|---|
| fixed length control field | 00530nam a22002057a 4500 |
| 003 - CONTROL NUMBER IDENTIFIER | |
| control field | LK-CoDNM |
| 005 - DATE AND TIME OF LATEST TRANSACTION | |
| control field | 20250110103130.0 |
| 008 - FIXED-LENGTH DATA ELEMENTS--GENERAL INFORMATION | |
| fixed length control field | 250110b |||||||| |||| 00| 0 eng d |
| 040 ## - CATALOGING SOURCE | |
| Original cataloging agency | LK-CoDNM |
| Modifying agency | LK-CoDNM |
| Description conventions | LK-CoDNM |
| 041 ## - LANGUAGE CODE | |
| Language code of text/sound track or separate title | English |
| 080 ## - UNIVERSAL DECIMAL CLASSIFICATION NUMBER | |
| Universal Decimal Classification number | 5 |
| Item number | K4 |
| 942 ## - ADDED ENTRY ELEMENTS (KOHA) | |
| Koha item type | Books |
| 100 ## - MAIN ENTRY--PERSONAL NAME | |
| Personal name | DEICHMANN,E |
| 700 ## - ADDED ENTRY--PERSONAL NAME | |
| Personal name | JENSEN,AD S |
| 245 ## - TITLE STATEMENT | |
| Title | HERLUF WINGE THE INTERRELATIONSHIPS OF THE MAMMALIAN GENERA |
| 260 ## - PUBLICATION, DISTRIBUTION, ETC. (IMPRINT) | |
| Place of publication, distribution, etc. | Kobenhavan |
| Date of publication, distribution, etc. | 1942 |
| Name of publisher, distributor, etc. | C A Reitzels Forlag |
| 300 ## - PHYSICAL DESCRIPTION | |
| Extent | 308P ; 24 cm |
| 490 ## - SERIES STATEMENT | |
| Volume/sequential designation | Voll 3 |
| 650 ## - SUBJECT ADDED ENTRY--TOPICAL TERM | |
| Topical term or geographic name as entry element | Science |
| Withdrawn status | Lost status | Damaged status | Not for loan | Collection code | Permanent Location | Current Location | Shelving location | Date acquired | Full call number | Barcode | Koha item type |
|---|---|---|---|---|---|---|---|---|---|---|---|
| Damaged | Science | Library National Museum Colombo - Sri Lanka | Library National Museum Colombo - Sri Lanka | Reference | 2025-01-10 | 5 K4 | OS1563 | Books |


